Frost: A literary life reconsidered
Guardado en:
| Autor principal: | |
|---|---|
| Formato: | Libro |
| Lenguaje: | Undetermined |
| Publicado: |
New York, Estados Unidos
Oxford University Press
1984
|
| Materias: | |
| Etiquetas: |
Agregar Etiqueta
Sin Etiquetas, Sea el primero en etiquetar este registro!
|
MARC
| LEADER | 00000nam a2200000Ia 4500 | ||
|---|---|---|---|
| 008 | 170316s9999 xx 000 0 und d | ||
| 040 | |a cru BVZT | ||
| 090 | |a 810 P-25f | ||
| 100 | |a Pritchard, William H. | ||
| 245 | |a Frost: A literary life reconsidered | ||
| 260 | |a New York, Estados Unidos | ||
| 260 | |b Oxford University Press | ||
| 260 | |c 1984 | ||
| 300 | |a 286 páginas | ||
| 650 | |a LITERATURA ESTADOUNIDENSE | ||
| 999 | |c 6057 |d 6057 | ||
| 942 | |c 15 D |h 810 P-25f |2 z | ||
